Quiz dos estados brasileiros - Rio de Janeiro - Statistics

Estatísticas Gerais
  • Esse quiz foi jogado 281 vezes
  • A pontuação média é 16 de 27
Estatísticas das Respostas
Dica Resposta % Correto
Capital Rio de Janeiro
100%
3 cidades mais populosas Rio de Janeiro
100%
Maior festa de rua do mundo Carnaval
84%
Estátua em art déco considerada uma das 7 maravilhas do mundo moderno Cristo Redentor
84%
Time com a maior torcida do país flamengo
83%
Estádio histórico que já recebeu duas finais de copa de mundo de futebol Maracanã
81%
Maior festival musical do mundo Rock in Rio
76%
Capital do estado até a incorporação citada Niterói
75%
Nome dado ao maior clássico do futebol carioca flaflu
72%
Gentílico fluminense
71%
3 cidades mais populosas São Gonçalo
65%
Primeiro país a iniciar um processo de colonização no estado França
64%
Revolta causada pela insatisfação popular com os serviços públicos de saúde Revolta da vacina
61%
3 cidades mais populosas Duque de Caxias
60%
Fonte energética brasileira encontrada exclusivamente em usinas do estado nuclear
60%
Cantora famosa por músicas como "O Segundo Sol" e "Malandragem" Cássia Eller
57%
Escritor fundador da Academia Brasileira de Letras Machado de Assis
52%
Produto que representa aprox. 70% das exportações do estado Petróleo
52%
Maior expoente da MPB e um dos criadores da Bossa Nova Tom Jobim
49%
Local que abriga o centro de treinamento da Confederação Brasileira de Futebol Granja Comary
47%
Estado incorporado pelo Rio de Janeiro em 1975 Guanabara
47%
Munícipio histórico declarado patrimônio da humanidade pela UNESCO Paraty
47%
Fundação de pesquisas biológicas Fiocruz
39%
Cidade que ganhou fama após a visita de Brigitte Bardot Armação dos Búzios
37%
Setor industrial de transformação do ferro iniciado em acordo com os EUA e hoje responsável por aprox. 10% das exportações do estado siderurgia
19%
Serra famosa por suas formações rochosas verticais Serra dos Órgãos
17%
Processo de resfriamento de estrela de nêutrons nomeado em "homenagem" a um cassino carioca Processo Urca
14%
Nenhum quiz correspondente encontrado
Distribuição das Pontuações
Porcentagem de Pessoas com Cada Pontuação
Percentil de Números Respondidos
Sua Pontuação Histórica
Você não jogou esse quiz